Samoregulace bank a instituce bankovního ombudsmana

Možnosti využitia skúseností krajín, kde je bežná inštitúcia bankového ombudsmana. Právomoci a povinnosti bankového ombudsmana vo Veľkej Británii. Závery pre ČR.

Salvato in:
Dettagli Bibliografici
Autore principale: Tyll, Josef
Natura: Capitolo di libro
Lingua:ceco
Soggetti:
Tags: Aggiungi Tag
Nessun Tag, puoi essere il primo ad aggiungerne!!

MARC

LEADER 00000naa a2200000 4500
001 r035477
005 20230929094236.2
041 0 |a cze 
044 |a CZ 
245 1 0 |a Samoregulace bank a instituce bankovního ombudsmana  |c Josef Tyll 
520 |a Možnosti využitia skúseností krajín, kde je bežná inštitúcia bankového ombudsmana. Právomoci a povinnosti bankového ombudsmana vo Veľkej Británii. Závery pre ČR. 
610 2 0 |a bankovníctvo 
610 2 0 |a banky 
610 2 0 |a ombudsman 
610 2 0 |a Česko 
610 2 0 |a Veľká Británia 
100 1 |a Tyll, Josef